Tales from a not-so-happy heartbreaker (Record no. 281302)
[ view plain ]
| 000 -LEADER | |
|---|---|
| fixed length control field | 02387nim a2200601Ia 4500 |
| 001 - CONTROL NUMBER | |
| control field | ocn853576040 |
| 003 - CONTROL NUMBER IDENTIFIER | |
| control field | OCoLC |
| 005 - DATE AND TIME OF LATEST TRANSACTION | |
| control field | 20200320191350.0 |
| 007 - PHYSICAL DESCRIPTION FIXED FIELD--GENERAL INFORMATION | |
| fixed length control field | sd fungnnmmneu |
| 008 - FIXED-LENGTH DATA ELEMENTS--GENERAL INFORMATION | |
| fixed length control field | 130723s2013 mdunnnnj f n eng d |
| 020 ## - INTERNATIONAL STANDARD BOOK NUMBER | |
| International Standard Book Number | 9781470346409 |
| 020 ## - INTERNATIONAL STANDARD BOOK NUMBER | |
| International Standard Book Number | 1470346400 |
| 028 02 - PUBLISHER NUMBER | |
| Publisher number | C02471 |
| Source | Recorded Books |
| 035 ## - SYSTEM CONTROL NUMBER | |
| System control number | (OCoLC)853576040 |
| 040 ## - CATALOGING SOURCE | |
| Original cataloging agency | GL9 |
| Transcribing agency | GL9 |
| Modifying agency | WACOL |
| 049 ## - LOCAL HOLDINGS (OCLC) | |
| Holding library | WACL |
| 092 ## - LOCALLY ASSIGNED DEWEY CALL NUMBER (OCLC) | |
| Classification number | cd |
| Item number | Rus |
| 100 1# - MAIN ENTRY--PERSONAL NAME | |
| Personal name | Russell, Rachel Renée. |
| 9 (RLIN) | 5881249 |
| 245 10 - TITLE STATEMENT | |
| Title | Tales from a not-so-happy heartbreaker |
| Medium | [sound recording] / |
| Statement of responsibility, etc | Rachel Renee Russell. |
| 260 ## - PUBLICATION, DISTRIBUTION, ETC. (IMPRINT) | |
| Place of publication, distribution, etc | Prince Frederick, MD : |
| Name of publisher, distributor, etc | Recorded Books, |
| Date of publication, distribution, etc | p2013. |
| 300 ## - PHYSICAL DESCRIPTION | |
| Extent | 3 sound discs (3 hr., 45 min.) : |
| Other physical details | digital ; |
| Dimensions | 4 3/4 in. |
| 336 ## - Content Type | |
| Content type term | spoken word |
| 337 ## - Media type | |
| Media type term | audio |
| 338 ## - Carrier type | |
| Carrier type term | audio disc |
| 490 1# - SERIES STATEMENT | |
| Series statement | Dork diaries ; |
| Volume number/sequential designation | 6 |
| 500 ## - GENERAL NOTE | |
| General note | Title from disc label. |
| 511 0# - PARTICIPANT OR PERFORMER NOTE | |
| Participant or performer note | Narrated by Jenni Barber. |
| 500 ## - GENERAL NOTE | |
| General note | Compact discs. |
| 500 ## - GENERAL NOTE | |
| General note | Unabridged. |
| 500 ## - GENERAL NOTE | |
| General note | Duration: 3:45:00. |
| 520 ## - SUMMARY, ETC. | |
| Summary, etc | Middle school heroine Nikki Maxwell returns, and this time she struggles with asking a boy to her school's ''sweetheart dance.'' |
| 520 ## - SUMMARY, ETC. | |
| Summary, etc | Middle-school drama queen Nikki Maxwell worries about asking a boy to her school's "sweetheart dance." |
| 521 ## - TARGET AUDIENCE NOTE | |
| Target audience note | junior cd |
| Source | recorded books |
| 650 #1 - SUBJECT ADDED ENTRY--TOPICAL TERM | |
| Topical term or geographic name as entry element | Dance parties |
| Form subdivision | Fiction. |
| 9 (RLIN) | 5881250 |
| 650 #1 - SUBJECT ADDED ENTRY--TOPICAL TERM | |
| Topical term or geographic name as entry element | Dating (Social customs) |
| Form subdivision | Fiction. |
| 9 (RLIN) | 5675717 |
| 650 #1 - SUBJECT ADDED ENTRY--TOPICAL TERM | |
| Topical term or geographic name as entry element | Friendship |
| Form subdivision | Fiction. |
| 9 (RLIN) | 5673769 |
| 650 #1 - SUBJECT ADDED ENTRY--TOPICAL TERM | |
| Topical term or geographic name as entry element | Middle schools |
| Form subdivision | Fiction. |
| 9 (RLIN) | 5675986 |
| 650 #1 - SUBJECT ADDED ENTRY--TOPICAL TERM | |
| Topical term or geographic name as entry element | Schools |
| Form subdivision | Fiction. |
| 9 (RLIN) | 5673727 |
| 650 #1 - SUBJECT ADDED ENTRY--TOPICAL TERM | |
| Topical term or geographic name as entry element | Diaries |
| Form subdivision | Fiction. |
| 9 (RLIN) | 5674805 |
| 650 #0 - SUBJECT ADDED ENTRY--TOPICAL TERM | |
| Topical term or geographic name as entry element | Dance parties |
| Form subdivision | Juvenile fiction. |
| 9 (RLIN) | 5881251 |
| 650 #0 - SUBJECT ADDED ENTRY--TOPICAL TERM | |
| Topical term or geographic name as entry element | Dating (Social customs) |
| Form subdivision | Juvenile fiction. |
| 9 (RLIN) | 5675714 |
| 650 #0 - SUBJECT ADDED ENTRY--TOPICAL TERM | |
| Topical term or geographic name as entry element | Friendship |
| Form subdivision | Juvenile fiction. |
| 9 (RLIN) | 5673647 |
| 650 #0 - SUBJECT ADDED ENTRY--TOPICAL TERM | |
| Topical term or geographic name as entry element | Middle schools |
| Form subdivision | Juvenile fiction. |
| 9 (RLIN) | 5675274 |
| 650 #0 - SUBJECT ADDED ENTRY--TOPICAL TERM | |
| Topical term or geographic name as entry element | Schools |
| Form subdivision | Juvenile fiction. |
| 9 (RLIN) | 5881252 |
| 650 #0 - SUBJECT ADDED ENTRY--TOPICAL TERM | |
| Topical term or geographic name as entry element | Diaries |
| Form subdivision | Juvenile fiction. |
| 9 (RLIN) | 5675979 |
| 655 #7 - INDEX TERM--GENRE/FORM | |
| Genre/form data or focus term | Children's audiobooks. |
| Source of term | lcgft |
| 9 (RLIN) | 5675081 |
| 700 1# - ADDED ENTRY--PERSONAL NAME | |
| Personal name | Barber, Jenni. |
| Relator code | nrt |
| 9 (RLIN) | 5708744 |
| 800 1# - SERIES ADDED ENTRY--PERSONAL NAME | |
| Personal name | Russell, Rachel Renee. |
| Title of a work | Dork diaries (Recorded Books, LLC) ; |
| Volume/sequential designation | 6. |
| 9 (RLIN) | 5881253 |
| 942 ## - ADDED ENTRY ELEMENTS (KOHA) | |
| Koha item type | CD |
| 948 ## - LOCAL PROCESSING INFORMATION (OCLC); SERIES PART DESIGNATOR (RLIN) | |
| Series part designator, SPT (RLIN) | 07/26/2013 |
| z (OCLC) | Sirsi |
| 994 ## - | |
| -- | 02 |
| -- | WACOL |
| 996 ## - | |
| -- | 102189 |
| -- | 34301001162199 |
| -- | JCD |
| -- | CD |
| -- | wcl |
| -- | i |
| -- | 15 |
| -- | 30.75 |
| -- | .CIRCNOTE. 3 discs |
| -- | recorded books |
| -- | Rus |
| -- | 08/05/2013 |
| -- | 10/29/2019 |
| -- | 10/10/2019 |
| Withdrawn status | Lost status | Source of classification or shelving scheme | Materials specified (bound volume or other part) | Damaged status | Not for loan | Collection code | Home library | Current library | Shelving location | Date acquired | Source of acquisition | Cost, normal purchase price | Total Checkouts | Total Renewals | Full call number | Barcode | Date last seen | Date checked out | Cost, replacement price | Price effective from | Koha item type |
|---|---|---|---|---|---|---|---|---|---|---|---|---|---|---|---|---|---|---|---|---|---|
| Dewey Decimal Classification | .CIRCNOTE. 3 discs | Junior Audiobooks | Wasatch County Library | Wasatch County Library | Main Floor Junior Area | 08/05/2013 | 30.75 | 17 | 1 | J CD Rus | 34301001162199 | 09/10/2024 | 08/06/2024 | 30.75 | 03/20/2020 | Audiobook on CD |
